Япония (Запис номер 400654)
[ съкратено ]
| 000 -Лидер | |
|---|---|
| Контролно поле с фиксирана дължина | nam a22 a 4500 |
| 003 - Код на организацията, давaща контролен номер | |
| Контролно поле | BLK |
| 005 - Дата и час на последна редакция | |
| Контролно поле | 20220512133726.0 |
| 008 - Елементи от данни с фиксирана дължина | |
| fixed length control field | 210311b bu |||||r|||| 00| 0 bu d |
| 020 ## - Международен стандартен номер на книга ISBN | |
| Международен стандартен номер на книга ISBN | 9786199034767 |
| 040 ## - Източник на каталожния запис | |
| Идентификатор на билиотеката - собственик на записа | BLK |
| 041 ## - Код за език | |
| Код за езика на текст/звукозапис или на отделно заглавие | Български |
| Код за езика КДБФ | Български |
| 080 ## - УДК | |
| Текстов определител УДК | Социография. Социално положение. Условия на политическия и социалния живот. Социално и социално-икономическо положение на отделните страни, народи, раси. Социална география. (Общи въпроси) |
| УДК код - определител по УДК | 308 |
| УДК определител | (520) |
| УДК - код + определител | 308(520) |
| 100 ## - Редна дума - Автор | |
| R(LIN) | 285097 |
| Автор | Андреева, Ценцерушка Лозанова |
| Авторска отговорност | първи автор |
| 139 ## - Редно поле | |
| Редна дума | Андреева, Ценцерушка Лозанова |
| Авторски знак | Андр - А 66 |
| 245 ## - Сведения за заглавието | |
| Заглавие | Япония |
| Подзаглавни данни | Да се докоснеш до непознатото |
| Редно поле (дума) | Ценцерушка Андреева |
| 260 ## - Област на издателските данни | |
| 9 (RLIN) | 215755 |
| Място на издаване, разпространение и проч. | София |
| Име на издателя, разпространителя и проч. | Сдружение Епископ Йосип Щросмайер |
| Година на издаване | 2020 |
| 300 ## - Физическа характеристика | |
| Страници | 62с. |
| Илюстрации и др. | със сн. |
| Размери/Мащаб | 21 см |
| 380 ## - Жанр | |
| Жанр | Обществени науки |
| 650 #0 - Допълнително описание по предмет – тема | |
| 9 (RLIN) | 254294 |
| Основно описание – тема или топоним | Япония - пътеписи |
| 651 #7 - Допълнително описание по предмет - топоним | |
| 9 (RLIN) | 179845 |
| Географско понятие | Япония |
| 653 #7 - Ключова дума – ненормативна | |
| 9 (RLIN) | 201081 |
| Ключова дума | Япония |
| 700 ## - Други автори (авторска отговорност) | |
| 9 (RLIN) | 402375 |
| Лично име | Витанова, Лидия Александрова |
| Автороска отговорност (Описва отношението между автора и произведението) | снимки |
| 852 ## - Местоположение | |
| Фондова буква | Заемна - подръчен фонд |
| 852 ## - Местоположение | |
| Форматна сигнатура | Цб 312577 |
| Фондова буква | Хранилище |
| 999 ## - СИСТЕМНИ КОНТРОЛНИ НОМЕРА | |
| Koha biblionumber | 400654 |
| Koha biblioitemnumber | 400654 |
| 942 ## - АРТИКУЛИ | |
| Вид на библиотечния материал | Книги |
| Скрит в OPAC | Не |
| Периодичен библиозапис | Да |
| 944 ## - СЪЗДАВАНЕ И РЕДАКЦИЯ на ЗАПИСА | |
| Създаване/Редакция | Създаване |
| Дата на регистрацията/редакция | 2021-03-11 |
| Служител, извършил регистрацията/редакцията | Микаела Микова - Илиева |
| Статус, дата на статуса | 2021-03-11 |
| 944 ## - СЪЗДАВАНЕ И РЕДАКЦИЯ на ЗАПИСА | |
| Създаване/Редакция | Редакция |
| Дата на регистрацията/редакция | 2022-05-12 |
| Служител, извършил регистрацията/редакцията | А.М. |
| Код за отписване | Код за изгубен артикул | Източник на класификационната схема | Код за повреда | Коз за рестрикции | Код за отдаване | Артикулен № | Име на библиотеката - собственик | Име на библиотеката, в която се намира в момента | Статус (Текущо местоположение) | Дата на вписване в системата | Местоположение - отдел | Цена в лева | Систематично азбучна сигнатура | Баркод | Цена в евро | Служебен тип на артикула |
|---|---|---|---|---|---|---|---|---|---|---|---|---|---|---|---|---|
| Не е изгубен | Universal Decimal Classification | Не е повреден | без рестрикции | заемане за дома | 816266 | Регионална библиотека "Любен Каравелов" Русе | Регионална библиотека "Любен Каравелов" Русе | Заемна - подръчен фонд | 2021-03-15 | Заемна - подръчен фонд | 2.00 | 821.163.2-1/А 66 Ц | 120000853516 | 1.02 | Книги | |
| Не е изгубен | Universal Decimal Classification | Не е повреден | само за читалня | ползва се в читалня | 816462 | Регионална библиотека "Любен Каравелов" Русе | Регионална библиотека "Любен Каравелов" Русе | Хранилище | 2021-03-16 | Основен фонд - ползва се само за читалня | 2.00 | Цб 307254 | 120000853589 | 1.02 | Книги | |
| Не е изгубен | Universal Decimal Classification | Не е повреден | само за читалня | ползва се в читалня | 884174 | Регионална библиотека "Любен Каравелов" Русе | Регионална библиотека "Любен Каравелов" Русе | Хранилище | 2022-05-14 | Хранилище | 3.00 | Цб 312577 | 120000872197 | 1.53 | Книги |